LEADER 01205nam--2200385---450- 001 990003624640203316 005 20120216104733.0 010 $a978-3-8006-4161-1 035 $a000362464 035 $aUSA01000362464 035 $a(ALEPH)000362464USA01 035 $a000362464 100 $a20120216d2011----km-y0itay50------ba 101 $ager 102 $aDE 105 $a||||||||001yy 200 1 $aExaminatorium Sachenrecht$fvon Klaus Vieweg und Thomas Regenfus 205 $a2., überarb. Aufl 210 $aMünchen$cVahlen$d2011 215 $aXI, 323 p.$d24 cm 225 2 $aAcademia Iuris$eLehrbücher der Rechtwissenschaft 410 0$12001$aAcademia Iuris$eLehrbücher der Rechtwissenschaft 606 1 $aProprietà$xDiritto$yGermania$2BNCF 676 $a346.43043 700 1$aVIEWEG,$bKlaus$0233874 701 1$aREGENFUS,$bThomas$0611582 801 0$aIT$bsalbc$gISBD 912 $a990003624640203316 951 $aXXX.A. Coll. 115/ 70$b70859 G.$cXXX.A. Coll. 115/$d00306756 959 $aBK 969 $aGIU 979 $aIANNONE$b90$c20120216$lUSA01$h1044 979 $aIANNONE$b90$c20120216$lUSA01$h1047 996 $aExaminatorium Sachenrecht$91137016 997 $aUNISA LEADER 01103nam 2200337Ia 450 001 996396675303316 005 20221107232916.0 035 $a(CKB)4330000000339029 035 $a(EEBO)2240850617 035 $a(OCoLC)13048339 035 $a(EXLCZ)994330000000339029 100 $a19860122d1669 uy | 101 0 $aeng 135 $aurbn||||a|bb| 200 10$aInnocency with her open face$b[electronic resource] $epresented by way of apology for the book entituled The sandy foundation shaken, to all serious and enquiring persons, particularly the inhabitants of the city of London /$fby W.P., j 210 $a[S.l. $cs.n.]$d1669 215 $a39 p 300 $aMarginal notes. 300 $aReproduction of original in Huntington Library. 330 $aeebo-0113 606 $aSociety of Friends$zEngland 615 0$aSociety of Friends 700 $aPenn$b William$f1644-1718.$0444261 801 0$bEAA 801 1$bEAA 801 2$bm/c 801 2$bWaOLN 906 $aBOOK 912 $a996396675303316 996 $aInnocency with her open face$92426246 997 $aUNISA LEADER 02719oam 2200577Ka 450 001 9910712901503321 005 20180924050608.7 024 8 $aGOVPUB-C13-dbac8752d744a43212262c05d2702d61 035 $a(CKB)5470000002499183 035 $a(OCoLC)784695783$z(OCoLC)777033812$z(OCoLC)926749071 035 $a(OCoLC)995470000002499183 035 $a(EXLCZ)995470000002499183 100 $a20120408d1989 ua 0 101 0 $aeng 135 $aurbn||||||abp 135 $aurbn||||||ada 181 $ctxt$2rdacontent 182 $cc$2rdamedia 183 $acr$2rdacarrier 200 10$aDirectory of U.S. private sector product certification programs /$fMaureen Breitenberg, editor 210 1$aGaithersburg, MD :$cU.S. Dept. of Commerce, National Institute of Standards and Technology ;$aWashington, DC :$cFor sale by the Supt. of Docs., U.S. G.P.O.,$d[1989] 215 $a1 online resource (vii, 228 pages) 225 1 $aNIST special publication ;$v774 300 $aContributed record: Metadata reviewed, not verified. Some fields updated by batch processes. 300 $a"December 1989." 300 $a"Supersedes NBS spec. publ. 703." 300 $aIncludes indexes. 320 $aIncludes bibliographical references. 330 3 $aThe document presents information on 132 private sector groups in the United States which engage in product certification activities. Entries describe the type and purpose of each organization, the nature of the activity, products certified, standards used, certification requirements, any accreditation or recognition by a U.S. or foreign private sector or government agency, availability of services, methods of cost determination, and other relevant details. The directory is part of an ongoing NIST (formerly NBS) effort to establish and maintain comprehensive information on standards, regulations, certification programs and related topics. 517 3 $aDirectory of US private sector product certification programs 606 $aCommercial products$xCertification$zUnited States$vDirectories 606 $aCommercial products$xCertification$2fast 607 $aUnited States$2fast 608 $aDirectories.$2fast 615 0$aCommercial products$xCertification 615 7$aCommercial products$xCertification. 676 $a602/.18 s 676 $a602/.1873 700 $aBreitenberg$b Maureen A$01390764 801 0$bOCLCE 801 1$bOCLCE 801 2$bOCLCQ 801 2$bOCLCF 801 2$bOCLCO 801 2$bOCLCQ 801 2$bNBS 801 2$bOCLCQ 906 $aBOOK 912 $a9910712901503321 996 $aDirectory of U.S. private sector product certification programs$93506177 997 $aUNINA